Нервно-мышечные комплексы и их кровоснабжение (Запись № 11892314)
[ простой вид ]
| 000 -МАРКЕР | |
|---|---|
| контрольное поле | 02445nam0a2200349 i 4500 |
| 001 - ИДЕНТИФИКАТОР ЗАПИСИ | |
| контрольное поле | RU\NLR\BIBL_A\011195882 |
| 005 - ИДЕНТИФИКАТОР ВЕРСИИ | |
| контрольное поле | 20241102195327.0 |
| 021 ## - НОМЕР ГОСУДАРСТВЕННОЙ РЕГИСТРАЦИИ | |
| Код страны | Российская Федерация |
| Номер | 2016-58524 |
| Номер Листа государственной регистраци | 3717 |
| 035 ## - ДРУГИЕ СИСТЕМНЫЕ НОМЕРА | |
| Идентификатор записи | (NLR Aleph) 011195882 |
| 100 ## - ДАННЫЕ ОБЩЕЙ ОБРАБОТКИ | |
| Данные общей обработки | 20160815d2016 u y0rusy50 ca |
| 101 0# - ЯЗЫК РЕСУРСА | |
| Язык текста, звукозаписи и т.д. | русский |
| -- | латинский |
| 102 ## - СТРАНА ПУБЛИКАЦИИ ИЛИ ПРОИЗВОДСТВА | |
| Страна публикации | Российская Федерация |
| 105 ## - ПОЛЕ КОДИРОВАННЫХ ДАННЫХ: ТЕКСТОВЫЕ МАТЕРИАЛЫ, МОНОГРАФИЧЕСКИЕ | |
| Кодированные данные о монографическом текстовом документе | y|||j|||000yy |
| 200 1# - ЗАГЛАВИЕ И СВЕДЕНИЯ ОБ ОТВЕТСТВЕННОСТИ | |
| Основное заглавие | Нервно-мышечные комплексы и их кровоснабжение |
| Сведения, относящиеся к заглавию | учебное пособие |
| -- | [для студентов 1 и 2 курсов медицинских вузов по специальностям 31.05.01 "Лечебное дело", 31.05.02 "Педиатрия", 31.05.03 "Стоматология" и др.] |
| Первые сведения об ответственности | П.В. Сутягин, Н.А. Маслова, Т.В. Овчинникова, Т.А. Тихонова |
| Последующие сведения об ответственности | М-во здравоохранения Рос. Федерации, Гос. бюджет. образоват. учреждение высш. проф. образования "Рос. нац. исслед. мед. ун-т им. Н.И. Пирогова" |
| 210 ## - ПУБЛИКАЦИЯ, РАСПРОСТРАНЕНИЕ И ДР. | |
| Место издания, распространения и т.д. | Москва |
| Имя издателя, распространителя и т. д. | Изд-во РАМН |
| Дата издания, распространения и т.д. | 2016 |
| 215 ## - ФИЗИЧЕСКАЯ ХАРАКТЕРИСТИКА | |
| Специфическое обозначение материала и объем | 82 с. |
| Размеры | 20 |
| 300 ## - ОБЩИЕ ПРИМЕЧАНИЯ | |
| Текст примечания | На обороте тит. л. авт.: П.В. Сутягин, д.б.н., доц., Н.А. Маслова, к.м.н., доц., Т.В. Овчинникова, преп., Т.А. Тихонова, к.м.н., доц. |
| 300 ## - ОБЩИЕ ПРИМЕЧАНИЯ | |
| Текст примечания | Часть текста на лат. яз. |
| 320 ## - ПРИМЕЧАНИЯ О НАЛИЧИИ В ДОКУМЕНТЕ БИБЛИОГРАФИИ / УКАЗАТЕЛЯ | |
| Текст примечания | Библиогр.: с. 81-82 |
| 606 ## - НАИМЕНОВАНИЕ ТЕМЫ КАК ПРЕДМЕТ | |
| Наименование темы | Мышцы |
| Формальный подзаголовок | Учебные издания для высших учебных заведений |
| Тематический подзаголовок | Кровоснабжение |
| Системный номер авторитетной/нормативной записи | 1642770 |
| Идентификатор авторитетной/нормативной записи | RU\NLR\AUTH\66726643 |
| 606 1# - НАИМЕНОВАНИЕ ТЕМЫ КАК ПРЕДМЕТ | |
| Наименование темы | Мышечные сокращения |
| Формальный подзаголовок | Учебные издания для высших учебных заведений |
| Тематический подзаголовок | Регуляция |
| Системный номер авторитетной/нормативной записи | 2489947 |
| Идентификатор авторитетной/нормативной записи | RU\NLR\AUTH\661477500 |
| 686 1# - ИНДЕКСЫ ДРУГИХ КЛАССИФИКАЦИЙ | |
| Индекс | Е863.14я731 |
| 686 1# - ИНДЕКСЫ ДРУГИХ КЛАССИФИКАЦИЙ | |
| Индекс | Е982.4я731 |
| 701 #1 - ИМЯ ЛИЦА - АЛЬТЕРНАТИВНАЯ ОТВЕТСТВЕННОСТЬ | |
| Начальный элемент ввода | Сутягин |
| Часть имени, кроме начального элемента ввода | П. В. |
| Расширение инициалов личного имени | Павел Валентинович |
| 701 #1 - ИМЯ ЛИЦА - АЛЬТЕРНАТИВНАЯ ОТВЕТСТВЕННОСТЬ | |
| Графика поля | Кириллица |
| Материалы, к которым относится поле | rus |
| Начальный элемент ввода | Маслова |
| Часть имени, кроме начального элемента ввода | Н. А. |
| Дополнения к именам, кроме дат | канд. мед. наук |
| Расширение инициалов личного имени | Наталья Алексеевна |
| Системный номер авторитетной/нормативной записи | 163317 |
| Идентификатор авторитетной/нормативной записи | RU\NLR\AUTH\770163361 |
| 701 #1 - ИМЯ ЛИЦА - АЛЬТЕРНАТИВНАЯ ОТВЕТСТВЕННОСТЬ | |
| Начальный элемент ввода | Овчинникова |
| Часть имени, кроме начального элемента ввода | Т. В. |
| 701 #1 - ИМЯ ЛИЦА - АЛЬТЕРНАТИВНАЯ ОТВЕТСТВЕННОСТЬ | |
| Начальный элемент ввода | Тихонова |
| Часть имени, кроме начального элемента ввода | Т. А. |
| Дополнения к именам, кроме дат | канд. мед. наук, морфология |
| Расширение инициалов личного имени | Татьяна Александровна |
| Системный номер авторитетной/нормативной записи | 138660 |
| Идентификатор авторитетной/нормативной записи | RU\NLR\AUTH\770138695 |
| 942 ## - ДОПОЛНИТЕЛЬНЫЕ ЭЛЕМЕНТЫ ЗАПИСИ (АБИС) | |
| Тип экземпляра АБИС | Книга |
| 980 ## - КОЛЛЕКЦИЯ | |
| Название коллекции | НБР |
Нет доступных экземпляров.